A realistic theory of science
Saved in:
| Main Author: | |
|---|---|
| Format: | Book |
| Language: | English |
| Published: |
London :
Routledge,
c2008
|
| Series: | Classical texts in critical realism
|
| Subjects: | |
| Tags: |
Add Tag
No Tags, Be the first to tag this record!
|
MARC
| LEADER | 00000nam a2200000 i 4500 | ||
|---|---|---|---|
| 001 | 1/59130 | ||
| 008 | 141105s2008 eng d | ||
| 020 | |a 978-0-415-45494-0 (pbk.) | ||
| 035 | |l 10119645 | ||
| 040 | |a GR-MY-UA |b gre |e aacr | ||
| 041 | 0 | |a eng | |
| 082 | 0 | |a 501 |2 (23) | |
| 100 | 1 | |a Bhaskar, Roy |d 1944- | |
| 245 | 1 | 2 | |a A realistic theory of science / |c Roy Bhaskar |
| 260 | |a London : |b Routledge, |c c2008 | ||
| 300 | |a xxv, 284 σ.; |c 22 εκ. | ||
| 490 | 1 | |a Classical texts in critical realism | |
| 504 | |a Βιβλιογραφία: σ.263-272 | ||
| 504 | |a Ευρετήριο: σ.273-284 | ||
| 650 | 0 | 0 | |a Science |x Philosophy. |
| 650 | 0 | 0 | |a Realism. |
| 830 | 0 | |a Classical texts in critical realism | |
| 852 | |a INST |b CHIOS |e 20141105 |h 501 BHA |p 005200035847 |q 005200035847 |t BK |y 0 | ||
| 901 | |a BIBL2-2014-3 | ||
| 909 | |a Χ |b 189141 | ||
| 922 | |a 2ΕΛΗ |b 201405 |c ΤΑΚ/ΤΔΕ |d ΔΡΕΣ | ||
| 970 | |a ΣΠΕΝΤΖΑ |b ΕΛΕΝΗ |z 2014/11/05 | ||